Meranie finančnej výkonnosti u vybraného podniku diplomová práca

Gespeichert in:
Bibliographische Detailangaben
1. Verfasser: Uhrin, Ján
Körperschaft: Fakulta podnikového manažmentu EU. Katedra podnikových financií
Weitere Verfasser: Smorada, Marián, 1984-
Format: Buch
Sprache:Slowakisch
Veröffentlicht: Bratislava 2018
Tags: Tag hinzufügen
Keine Tags, Fügen Sie das erste Tag hinzu!

MARC

LEADER 00000nbm a2200000 4500
001 0244606
005 20181001111506.4
041 0 |a slo 
044 |a SK 
245 1 0 |a Meranie finančnej výkonnosti u vybraného podniku  |b diplomová práca  |c Ján Uhrin ; školiteľ: Marián Smorada 
264 1 |a Bratislava  |c 2018 
300 |a 65 s. 
100 1 |a Uhrin, Ján 
700 1 |a Smorada, Marián, 1984- 
710 2 |a Fakulta podnikového manažmentu EU. Katedra podnikových financií